000 00871nam a22002897a 4500
001 BR7901851
003 BR-BrBNA
005 20230928085953.0
007 ta
008 230509b bl.||||| |||| 00| 0 por d
040 _aBR-BrBNA
_bpor
_cBiblioteca Nacional de Agricultura
041 _a(Por)
072 _aF00; F50
_b1300
_b0600
090 _ 1300 BR7901851
100 1 _aMagalhaes, A.
100 1 _aBordini, M. da G. (eds.)
245 1 _aGrande manual globo de agricultura, pecuaria e receituario industrial [fruta, hortalica, pratica cultural]
_bv. 3 - Horticultura e fruticultura
260 3 _aPorto Alegre, RS (Brasil):
_bGlobo,
_c1978.
300 _a275 p.
650 _aHORTALICA
650 _aFRUTA
650 _aPRATICA CULTURAL
650 _aPRAGA DE PLANTA
650 _aDOENCA DE PLANTA
909 _a202309
_bLucia
_c55
_dLucia Elande
942 _cBK
999 _c27246
_d27246